000 00494nam a22001457a 4500
020 _a9780195322484
082 _a519.3
100 _aMartin J. Osborne
245 _aAn introduction to game theory
250 _aInternational ed.
260 _aNew york
_bOxford university press
_c2009.
300 _a533p
942 _cBK
999 _c348665
_d348665